000
00324nam a22001337a 4500
008
190305b xxu||||| |||| 00| 0 eng d
020
_a
085044024953
041
_a
eng
080
_2
19th
_a
610.73
100
_a
2
101
_a
INF
245
_a
Nursing School & Allied Health entrance exams
_c
Gooding,M.F
942
_2
udc
_c
BK
999
_c
54508
_d
54508